Esprit musicien (L')-La psychologie cognitive de la musique (Record n. 74398)

Dettagli MARC
000 -LEADER
fixed length control field 01708nam a2200361Ia 4500
001 - CONTROL NUMBER
control field 79662
003 - CONTROL NUMBER IDENTIFIER
control field IT-RoPAU
008 - FIXED-LENGTH DATA ELEMENTS--GENERAL INFORMATION
fixed length control field 130308s9999 xx 000 0 und d
040 ## - CATALOGING SOURCE
Original cataloging agency IT-RoPAU
040 ## - CATALOGING SOURCE
Transcribing agency IT-RoPAU
041 ## - LANGUAGE CODE
Language code of text/sound track or separate title FRANCESE
999 ## - SYSTEM CONTROL NUMBERS (KOHA)
Koha Dewey Subclass [OBSOLETE] SI
100 ## - MAIN ENTRY--PERSONAL NAME
Personal name Sloboda John A.
100 ## - MAIN ENTRY--PERSONAL NAME
Miscellaneous information Codice Aut. SPICS: 27995
240 ## - UNIFORM TITLE
Uniform title MUSICAL MIND (THE)-THE COGNITIVE PSYCHOLOGY OF MUSIC
240 ## - UNIFORM TITLE
Miscellaneous information Codice Tit. Orig. Spics: 79344
242 ## - TRANSLATION OF TITLE BY CATALOGING AGENCY
Title MENTE MUSICALE (LA)-PSICOLOGIA cognitivista DELLA MUSICA
242 ## - TRANSLATION OF TITLE BY CATALOGING AGENCY
Number of part/section of a work Cod. Traduzione Titolo: 92330
242 ## - TRANSLATION OF TITLE BY CATALOGING AGENCY
Language code of translated title ITA
245 ## - TITLE STATEMENT
Title Esprit musicien (L')-La psychologie cognitive de la musique
245 ## - TITLE STATEMENT
Remainder of title Esprit Musicien (L')-La Psychologie Cognitive de la Musique
250 ## - EDITION STATEMENT
Edition statement 1a ed.
260 ## - PUBLICATION, DISTRIBUTION, ETC. (IMPRINT)
Place of publication, distribution, etc. BRUXELLES
260 ## - PUBLICATION, DISTRIBUTION, ETC. (IMPRINT)
Name of publisher, distributor, etc. Mardaga Pierre
260 ## - PUBLICATION, DISTRIBUTION, ETC. (IMPRINT)
Date of publication, distribution, etc. 1988 [1° Ed.:1988 - Ed.Ling.Originale:1985]
300 ## - PHYSICAL DESCRIPTION
Extent "396 p. (prefazione: no ; testo: 396 [pagine: 0-0])"
500 ## - GENERAL NOTE
General note Spirito Musicale Psicologia Cognitiva della Musica Musica e Competenza Cognitiva Musica Linguaggio e Senso Chomsky e Schenker Paragoni tra Linguaggio e Musica Fonologia Musicale Sintassi Musicale Semantica Musicale Esecuzione Musicale Composizione e Improvvisazione scritti di Compositori Sui Processi Compositivi Ascolto Musicale Attenzione e Memoria nell'Ascolto Apprendimento e Sviluppo Musicale inculturazione Musicale Formazione e Acquisizione di una Competenza Valutazione dell'attitudine Musicale Culturale e Biologico Contesto Dello Spirito Musicale pensiero Culturale e Musicale Biologia e pensiero Musicale Bibliografia
650 ## - SUBJECT ADDED ENTRY--TOPICAL TERM
Topical term or geographic name as entry element SAGGI MUSICALI
650 ## - SUBJECT ADDED ENTRY--TOPICAL TERM
Relator term Codice materia Spics: 7011
942 ## - ADDED ENTRY ELEMENTS (KOHA)
Koha item type LIBRO
957 ## -
-- 1
999 ## - SYSTEM CONTROL NUMBERS (KOHA)
-- 1
Dati di copia
Withdrawn status Lost status Damaged status Not for loan Home library Current library Date acquired Total Checkouts Full call number Date last seen Price effective from Koha item type Public note
    Buone Condizioni Not For Loan SPICS-MEDIATECA SPICS-MEDIATECA 08/03/2013   79662 08/03/2013 08/03/2013 LIBRO Progressivo inserimento: 50340 / N. Volumi: 1 Copie: 1 Copia Rara: SI / data import: 1 marzo 2013 - By Epidotti, Trombetti, Vaglietti.
CREDITS: SOCIETA' SAN PAOLO Via A.Severo, 58 - ROMA (RM) & PERIODICI SAN PAOLO SRL Via Giotto, 36 MILANO & CISF Via Giotto, 36 MILANO & EDIZIONI SAN PAOLO SRL,  Piazza Soncino, 5 CINISELLO BALSAMO (MI) -- ITALY